000 00415pab a2200169 454500
008 180718b2007 xxu||||| |||| 00| 0 eng d
100 _aLevin, Eric J.
245 _aA statistical explanation for extreme bids in the house market
260 _c2007
300 _ap.2339-355.
362 _aNov
650 _aHousing
700 _aPryce, Gwilym B.J.
773 _aUrban Studies
908 _aN
909 _a77225
999 _c77225
_d77225